| 000 | 00000nam 2200000za 4500 |
| 001 | 9.851019 |
| 003 | CaOODSP |
| 005 | 20221107154308 |
| 007 | cr ||||||||||| |
| 008 | 180201s2017 onc ob f000 0 eng d |
| 040 | |aCaOODSP|beng |
| 043 | |an-cn--- |
| 086 | 1 |aJ4-46/2017E-PDF |
| 245 | 00|aSpotlight on Gladue |h[electronic resource] : |bchallenges, experiences, and possibilities in Canada’s criminal justice system / |cResearch and Statistics Division, Department of Justice, Canada. |
| 260 | |a[Ottawa] : |bDepartment of Justice Canada, |c2017. |
| 300 | |a59 p. |
| 500 | |aIssued also in French under title: La lumière sur l’arrêt Gladue : défis, expériences et possibilités dans le système de justice pénale canadien. |
| 500 | |aCover title. |
| 500 | |a"September 2017." |
| 504 | |aIncludes bibliographical references. |
| 520 | |a"In view of the implications of the Gladue and Ipeelee decisions for Canada’s criminal justice system, this paper was designed to meet the following objectives: to provide a brief statistical overview on the overrepresentation of Indigenous persons in the Canadian correctional system, a summary of the legislative reforms that led to s. 718.2(e), and an overview of the court’s interpretation in Gladue and Ipeelee; to analyze the key issues in the literature regarding the application of s. 718.2(e), and the Gladue and Ipeelee decisions in sentencing Indigenous individuals; to describe the justice system initiatives and programs that have been put in place to support the application of s. 718.2(e) in Canadian provinces and territories; and to summarize the studies on the experiences of members of the court system and Indigenous accused who have participated in Indigenous justice system initiatives”--Objectives, p. 5-6. |
| 692 | 07|2gccst|aAboriginal peoples |
| 692 | 07|2gccst|aCriminal justice |
| 710 | 1 |aCanada. |bDepartment of Justice. |bResearch and Statistics Division. |
| 775 | 08|tLa lumière sur l’arrêt Gladue |w(CaOODSP)9.851020 |
| 856 | 40|qPDF|s496 KB|uhttps://publications.gc.ca/collections/collection_2018/jus/J4-46-2017-eng.pdf |